000 00863nam a2200277Ia 4500
003 OSt
005 20220924115813.0
006 a|||||r|||| 00| 0
007 ta
008 220923b |||||||| |||| 00| 0 urd d
020 _a9789350736586 (hbk)
020 _c250
024 _a290013
037 _b4693, 09/03/2016, Kitabi Duniya
_cTextual
040 _aARTS
_cARTS
_burd
041 _2urd
_aurd
082 _aO168,1NRAx, Q5
100 _aAshk Raza
_9179649
245 0 _aArz e mata e aqal
_b Collection of Ghazals & Nazm
260 _aDelhi
_bEducational Publishing House India
_c2015
300 _a224p.
_ccm.
650 _aURDU POETRY
700 _a Roohi Kainat Afreen Ed.
_9179650
942 _hO168,1NRAx, Q5
_cTEXL
_2CC
999 _c399958
_d399958